000 01282cam a22003737a 4500
003 CHAP
005 20220817043122.0
008 971013s1984 r 00010 d
010 _a66225
011 _a67197
035 _a76667
040 _cCHAP
082 _a634.96
_bF36
110 _aFAO
245 0 _aOperations manual for a protected area system
_b: guidelines for developing countries
260 _aRome :
_bFAO,
_c1984
300 _a85 p.
490 0 _aFAO. Guías de conservación
_v; 9
590 _aBATCH-UPD
_b10
_c20130109
_lUCH01
_h2330
590 _aBATCH-UPD
_b10
_c20130110
_lUCH01
_h1617
590 _aBATCH-UPD
_b10
_c20130409
_lUCH01
_h1856
590 _aBATCH-UPD
_b10
_c20130410
_lUCH01
_h1012
590 _aBATCH-UPD
_b10
_c20130914
_lUCH01
_h0718
590 _aCONVERSION
_b10
_c20130109
_lUCH01
_h1336
650 1 4 _aBosques
_xPreservación.
650 1 4 _aBosques
_xProtección.
_914369
650 1 4 _aPolítica forestal
_xPaíses subdesarrollados.
_990596
700 0 _aMoore, Alan Walter.
_978055
830 0 _aFAO. Guías de conservación
_v; 9
_939581
901 _aBK
942 _cLIBRO
949 _a634.96 F36
_bBC
_cFAO
_d-29523
_eFAO1
_gI.139797
_h74815
_i76667
_si
_t6.40
949 _a634.96 F36
_bBC
_cFAO
_d-93526
_eFAO2
_fc.2
_gI.139798
_h74816
_i76667
_si
_t6.40
999 _c66225
_d66225